Diagnóstico habitacional. /

Detalles Bibliográficos
Autor principal: Mac Donald, Joan
Formato: Libro
Lenguaje:inglés
Publicado: Santiago, Chile CPU 1986
Edición:1a.ed.
Colección:Documento de trabajo
Materias:

MARC

LEADER 00000cam a2200000 a 4500
001 029335
003 UAHC_CL
005 20170803123051.0
008 010822b xx j 000 1 eng
040 |a UAHC_CL  |c UAHC_CL  |d UAHC_CL 
082 0 4 |a CPU 014-755 
100 1 |a Mac Donald, Joan 
245 1 0 |a Diagnóstico habitacional. /  |c Joan Mac Donald. 
250 |a 1a.ed. 
260 |b CPU  |c 1986  |a Santiago, Chile 
300 |a 19 p. 
490 0 |a Documento de trabajo 
650 4 |a VIVIENDA 
900 |a CPU 014-755 
942 |c BK 
952 |0 0  |1 0  |4 0  |6 CPU_014755  |7 0  |8 General  |9 57679  |a BC  |b BC  |c General  |d 2017-08-03  |l 0  |o CPU 014-755  |p 1313680  |r 2019-01-04 00:00:00  |t 1  |w 2017-08-03  |y BK 
999 |c 29335  |d 29335